| 000 | 00987cab a22002175a 4500 | ||
|---|---|---|---|
| 001 | L144397 | ||
| 008 | 080716e20080712xxk f g 000 0 eng d | ||
| 035 | _a(Sirsi) u144397 | ||
| 041 | 0 | _aeng | |
| 100 | 1 | _aLevy, Daniel | |
| 245 | 0 | 0 | _aTaking the arbitration gamble |
| 260 | _c2008 | ||
| 490 |
_aEstates Gazette _v(0827) 12 July 2008, 114(1) |
||
| 520 | _aStates that choosing between an arbitrator and a judge is not a decision to be taken lightly and that there are several factors to consider. Mentions that arbitration is a popular choice (although not necessarily cheaper or faster than the courts) and that inexperienced judges are far less common than they might once have been. | ||
| 650 | 2 | 4 | _aLANDLORD AND TENANT ACT 1954 |
| 650 | 2 | 4 | _aARBITRATION ACT 1996 |
| 651 | 4 |
_aUnited Kingdom _y |
|
| 690 | _aMANAGEMENT-DISPUTE AVOIDANCE, MANAGEMENT AND RESOLUTION-DISPUTE MANAGEMENT AND RESOLUTION-ALTERNATIVE DISPUTE RESOLUTION | ||
| 700 | 1 | _aTaggart, Nicholas | |
| 942 | _n0 | ||
| 999 |
_c80455 _d80455 |
||